Normal view
MARC view
Entry Topical Term
001 - CONTROL NUMBER
- control field: 40418
003 - CONTROL NUMBER IDENTIFIER
- control field: ARRUPE
005 - DATE AND TIME OF LATEST TRANSACTION
- control field: 20180308152840.0
008 - FIXED-LENGTH DATA ELEMENTS
- fixed length control field: 180308|| aca||aabn | a|a d
040 ## - CATALOGING SOURCE
- Original cataloging agency: ARRUPE
- Transcribing agency: ARRUPE
150 ## - HEADING--TOPICAL TERM
- Topical term or geographic name as entry element: Christianity
- Geographic subdivision: Rhodesia, Southern
670 ## - SOURCE DATA FOUND
- Source citation: Work cat.: (ARRUPE)13659: Vambe, Lawrence 29941, An ill-fated people:, 1972